<?xml version="1.0" encoding="UTF-8"?><?xml-stylesheet type="text/xsl" href="static/style.xsl"?><OAI-PMH xmlns="http://www.openarchives.org/OAI/2.0/" xmlns:xsi="http://www.w3.org/2001/XMLSchema-instance" xsi:schemaLocation="http://www.openarchives.org/OAI/2.0/ http://www.openarchives.org/OAI/2.0/OAI-PMH.xsd"><responseDate>2026-04-17T14:21:26Z</responseDate><request verb="GetRecord" identifier="oai:www.recercat.cat:2117/171593" metadataPrefix="marc">https://recercat.cat/oai/request</request><GetRecord><record><header><identifier>oai:recercat.cat:2117/171593</identifier><datestamp>2026-01-23T02:47:29Z</datestamp><setSpec>com_2072_1033</setSpec><setSpec>col_2072_452949</setSpec></header><metadata><record xmlns="http://www.loc.gov/MARC21/slim" xmlns:dcterms="http://purl.org/dc/terms/" xmlns:xsi="http://www.w3.org/2001/XMLSchema-instance" xmlns:doc="http://www.lyncode.com/xoai" xsi:schemaLocation="http://www.loc.gov/MARC21/slim http://www.loc.gov/standards/marcxml/schema/MARC21slim.xsd">
   <leader>00925njm 22002777a 4500</leader>
   <datafield ind2=" " ind1=" " tag="042">
      <subfield code="a">dc</subfield>
   </datafield>
   <datafield ind2=" " ind1=" " tag="720">
      <subfield code="a">Bote Alonso, Inmaculada</subfield>
      <subfield code="e">author</subfield>
   </datafield>
   <datafield ind2=" " ind1=" " tag="720">
      <subfield code="a">Montalbán Pozas, María Beatriz</subfield>
      <subfield code="e">author</subfield>
   </datafield>
   <datafield ind2=" " ind1=" " tag="260">
      <subfield code="c">2019-06</subfield>
   </datafield>
   <datafield ind2=" " ind1=" " tag="520">
      <subfield code="a">Los pueblos de colonización suponen un modelo poblacional muy vinculado con su entorno y sus habitantes. Vegaviana, construido en Extremadura en los años 50 de la mano del arquitecto José Luis Fernández del Amo,presenta características que actualmente se considerarían como sostenibles. Hoy en día esto implicaríafomentar también la Economía Circular (EC). Por ello, el objetivo principal de este artículo es conocer si el diseño urbanístico de los pueblos de colonización extremeños, tomando como referencia a Vegaviana,presenta características que permitan facilitar la implementación de la EC en el nivel macro referido a las poblaciones. Un análisis de la literatura más relevante en este ámbito genera un compendio de estrategias del cual se analiza su compatibilidad con el proyecto de Vegaviana. Todo ello permite destacar las características del urbanismo de Vegaviana que podrían fomentar la EC.</subfield>
   </datafield>
   <datafield ind2=" " ind1=" " tag="520">
      <subfield code="a">Colonization settlements represent a population model closely linked to its environment and its inhabitants. Vegaviana, built in Extremadura in the 50s by the architect José Luis Fernández del Amo, presents featuresthat would be considered sustainable today. Nowadays this would also encourage the Circular Economy (CE). Therefore, the main objective of this article is to know if the urban design of the Extremaduran colonization settlements, taking Vegaviana as a reference, presents characteristics that allow for a simple implementation the implementation of the CE at the macro level referred to the populations. An analysis of the most relevant literature in this field generates a compendium of strategies from which its compatibility with the Vegaviana project is analyzed. All this makes it possible to highlight the characteristics of the Vegaviana urbanism that could foster EC.</subfield>
   </datafield>
   <datafield ind2=" " ind1=" " tag="520">
      <subfield code="a">Peer Reviewed</subfield>
   </datafield>
   <datafield tag="653" ind2=" " ind1=" ">
      <subfield code="a">Àrees temàtiques de la UPC::Urbanisme</subfield>
   </datafield>
   <datafield tag="653" ind2=" " ind1=" ">
      <subfield code="a">Circular economy</subfield>
   </datafield>
   <datafield tag="653" ind2=" " ind1=" ">
      <subfield code="a">Sustainable urban developement -- Spain -- Vegaviana</subfield>
   </datafield>
   <datafield tag="653" ind2=" " ind1=" ">
      <subfield code="a">City planning -- Spain -- Extremadura</subfield>
   </datafield>
   <datafield tag="653" ind2=" " ind1=" ">
      <subfield code="a">Vegaviana</subfield>
   </datafield>
   <datafield tag="653" ind2=" " ind1=" ">
      <subfield code="a">Colonización</subfield>
   </datafield>
   <datafield tag="653" ind2=" " ind1=" ">
      <subfield code="a">Economía circular</subfield>
   </datafield>
   <datafield tag="653" ind2=" " ind1=" ">
      <subfield code="a">Estrategias</subfield>
   </datafield>
   <datafield tag="653" ind2=" " ind1=" ">
      <subfield code="a">Colonization</subfield>
   </datafield>
   <datafield tag="653" ind2=" " ind1=" ">
      <subfield code="a">Circular economy</subfield>
   </datafield>
   <datafield tag="653" ind2=" " ind1=" ">
      <subfield code="a">Strategies</subfield>
   </datafield>
   <datafield tag="653" ind2=" " ind1=" ">
      <subfield code="a">Desenvolupament urbà sostenible -- Extremadura -- Vegaviana</subfield>
   </datafield>
   <datafield tag="653" ind2=" " ind1=" ">
      <subfield code="a">Urbanisme -- Extremadura</subfield>
   </datafield>
   <datafield tag="653" ind2=" " ind1=" ">
      <subfield code="a">Economia circular</subfield>
   </datafield>
   <datafield ind2="0" ind1="0" tag="245">
      <subfield code="a">Compatibilidad de estrategias de economía circular a nivel macro en un pueblo de colonización extremeño: Vegaviana y su urbanismo</subfield>
   </datafield>
   <datafield ind2="0" ind1="0" tag="245">
      <subfield code="a">Compatibility of Circular Economy strategies at the macro level in Extremaduran colonization settlements: Vegaviana and its urbanism</subfield>
   </datafield>
</record></metadata></record></GetRecord></OAI-PMH>